| 000 | 00677nas a2200229Ia 4500 | ||
|---|---|---|---|
| 001 | A04/R039-21269 [r000044395] | ||
| 003 | IT-MiCISF | ||
| 005 | 20251028180053.0 | ||
| 008 | 161014c99999999xx |||||||||||| ||und|| | ||
| 040 |
_aIT-MiCISF _cIT-MiCISF |
||
| 041 | _ait | ||
| 100 |
_aDonati Pierpaolo _956154 |
||
| 245 | 0 | _aFamiglia e nuove migrazioni: cosa viene dopo la modernizzazione? | |
| 250 | _a"Studi interdisciplinari sulla famiglia", n. 12 | ||
| 260 | _c1993 | ||
| 300 | _app. 7-26 | ||
| 500 | _a famiglia-migranti, modello-famiglia, cambiamenti-famiglia, sociologia, cultura | ||
| 650 | _aFamiglia | ||
| 654 | _aarticolo | ||
| 942 |
_cCR _2ddc |
||
| 999 |
_c228207 _d228207 |
||
| 999 | _bSi | ||